[Event "Budapest-chT1 Lilienthal 1718"]
[Site "Budapest"]
[Date "2017.10.15"]
[Round "2"]
[White "Benke, Karoly"]
[Black "Makrai, Peter"]
[Result "0-1"]
[WhiteElo "1719"]
[BlackElo "1725"]
[PlyCount "96"]
[EventDate "2017.10.01"]
[EventType "team-tourn"]
[EventRounds "13"]
[EventCountry "HUN"]
[SourceTitle "EXT 2021"]
[Source "ChessBase"]
[SourceDate "2020.10.23"]
[SourceVersion "1"]
[SourceVersionDate "2020.10.23"]
[SourceQuality "1"]
[WhiteTeam "Penzugyor III"]
[BlackTeam "Csepel"]
[WhiteTeamCountry "HUN"]
[BlackTeamCountry "HUN"]

1. b4 d5 2. Bb2 Bg4 3. Nf3 Nf6 4. e3 e6 5. b5 c5 6. Be2 Be7 7. 0-0 0-0 8. Ne5 Bxe2 9. Qxe2 Nbd7 10. c4 Nxe5 11. Bxe5 dxc4 12. Qxc4 Qd5 13. Qxd5 Nxd5 14. Nc3 Bf6 15. Bxf6 Nxf6 16. Rac1 Rfd8 17. Rc2 Rd3 18. f3 Rad8 19. Rd1 b6 20. Kf2 Kf8 21. Ke2 Ke7 22. Ra1 R3d7 23. e4 Rd4 24. a4 Ne8 25. a5 bxa5 26. Rxa5 R8d7 27. Na4 c4 28. b6 axb6 29. Nxb6 Rc7 30. Ra4 Nd6 31. e5 Nb5 32. Raxc4 Rdxc4 33. Rxc4 Rb7 34. Na4 Ra7 35. Nc3 Nc7 36. Rc5 Rb7 37. g3 g6 38. Ne4 Nd5 39. Nd6 Rb8 40. Ra5 Kf8 41. Ra7 Ne7 42. Ne4 h6 43. Nf6 Rc8 44. Nd7+ Ke8 45. Nf6+ Kf8 46. g4 Nc6 47. Nd7+ Ke8 48. Ke3 Nxa7 0-1

[Event "HUN-chT2 Maroczy 1415"]
[Site "Hungary"]
[Date "2014.10.12"]
[Round "1"]
[White "Kaposztas, Miklos"]
[Black "Benke, Karoly"]
[Result "1-0"]
[WhiteElo "2120"]
[BlackElo "1717"]
[PlyCount "74"]
[EventDate "2014.10.12"]
[EventType "team-tourn"]
[EventRounds "9"]
[EventCountry "HUN"]
[SourceTitle "EXT 2016"]
[Source "ChessBase"]
[SourceDate "2015.10.08"]
[SourceVersion "1"]
[SourceVersionDate "2015.10.08"]
[SourceQuality "1"]
[WhiteTeam "Vasas"]
[BlackTeam "Penzugyor II"]
[WhiteTeamCountry "HUN"]
[BlackTeamCountry "HUN"]

1. c4 e5 2. g3 Nf6 3. Bg2 Bc5 4. Nc3 Nc6 5. e3 0-0 6. Nge2 d5 7. d4 exd4 8. exd4 Bb4 9. cxd5 Nxd5 10. 0-0 Nxc3 11. bxc3 Ba5 12. Bb2 Ne7 13. Nf4 c6 14. Re1 Ng6 15. Nd3 Be6 16. Nc5 Bd5 17. Nxb7 Qb6 18. Nxa5 Qxa5 19. h4 Rfb8 20. Qc1 Rb7 21. Ba3 Rab8 22. Bh3 Rd8 23. Bc5 Bc4 24. Bg2 Bd5 25. Bf1 Qc7 26. Re3 Qd7 27. h5 Nf8 28. Re7 Qc8 29. c4 Be6 30. Rxb7 Qxb7 31. Bg2 h6 32. Qc2 Bg4 33. Qe4 Bxh5 34. Qxc6 Qb2 35. Re1 Ne6 36. Bxa7 Qxa2 37. Bb6 Qd2 1-0

[Event "Budapest-chT1 Lilienthal 1314"]
[Site "Budapest"]
[Date "2014.02.09"]
[Round "7"]
[White "Benke, Karoly"]
[Black "Magos, Mate"]
[Result "1-0"]
[WhiteElo "1712"]
[BlackElo "1453"]
[PlyCount "139"]
[EventDate "2013.09.29"]
[EventType "team-tourn"]
[EventRounds "11"]
[EventCountry "HUN"]
[SourceTitle "EXT 2021"]
[Source "ChessBase"]
[SourceDate "2020.10.23"]
[SourceVersion "1"]
[SourceVersionDate "2020.10.23"]
[SourceQuality "1"]
[WhiteTeam "Penzugyor III"]
[BlackTeam "Csepel"]
[WhiteTeamCountry "HUN"]
[BlackTeamCountry "HUN"]

1. b4 d5 2. Bb2 e6 3. e3 Nf6 4. b5 Bd6 5. Nf3 0-0 6. Be2 Nbd7 7. 0-0 c5 8. c4 b6 9. Qb3 Bb7 10. h3 Re8 11. Nc3 Qc7 12. Rfc1 Rad8 13. Na4 Ne5 14. Nxe5 Bxe5 15. d4 Bd6 16. dxc5 Bxc5 17. Bxf6 gxf6 18. Nxc5 Qxc5 19. cxd5 Qxd5 20. Qxd5 Bxd5 21. Rc7 Ra8 22. Bh5 Rf8 23. f3 e5 24. Bg4 Be6 25. Bxe6 fxe6 26. Rd1 Rf7 27. Rxf7 Kxf7 28. Rd7+ Kg6 29. Re7 a6 30. Rxe6 axb5 31. Rxb6 Rxa2 32. Rxb5 h5 33. Rb4 Re2 34. Re4 Ra2 35. Kh2 Rb2 36. Kg3 Ra2 37. f4 exf4+ 38. Rxf4 Rb2 39. Rf2 Rb3 40. Kf4 Ra3 41. Rf3 Ra2 42. Rg3+ Kf7 43. Kf3 Ra3 44. h4 Ke6 45. Rg8 Kf7 46. Rb8 Kg6 47. Kf4 Ra2 48. e4 Kg7 49. g3 Rf2+ 50. Ke3 Rg2 51. Kf3 Ra2 52. Rb3 Kg6 53. Re3 Ra5 54. Kf4 Ra2 55. e5 Rf2+ 56. Ke4 fxe5 57. Kxe5 Rf5+ 58. Ke4 Ra5 59. Rd3 Ra4+ 60. Kf3 Ra6 61. Rd5 Rb6 62. Re5 Kf6 63. Rxh5 Kg6 64. Re5 Rb3+ 65. Re3 Rb4 66. g4 Kf6 67. g5+ Kf5 68. Kg3 Kg6 69. Re6+ Kh5 70. Rh6# 1-0

[Event "Budapest-chT1 Lilienthal 1314"]
[Site "Budapest"]
[Date "2014.01.19"]
[Round "6"]
[White "Furedi, Erik"]
[Black "Benke, Karoly"]
[Result "0-1"]
[WhiteElo "1923"]
[BlackElo "1712"]
[PlyCount "136"]
[EventDate "2013.09.29"]
[EventType "team-tourn"]
[EventRounds "11"]
[EventCountry "HUN"]
[SourceTitle "EXT 2021"]
[Source "ChessBase"]
[SourceDate "2020.10.23"]
[SourceVersion "1"]
[SourceVersionDate "2020.10.23"]
[SourceQuality "1"]
[WhiteTeam "Budapest Vasas II"]
[BlackTeam "Penzugyor III"]
[WhiteTeamCountry "HUN"]
[BlackTeamCountry "HUN"]

1. e4 c5 2. Nf3 Nc6 3. d4 cxd4 4. Nxd4 e5 5. Nb5 a6 6. Nd6+ Bxd6 7. Qxd6 Qf6 8. Qd1 Qg6 9. Nc3 Nf6 10. Qd6 Ng4 11. Qxg6 hxg6 12. Nd5 Kd8 13. f3 Nh6 14. Bg5+ f6 15. Nxf6 Nf7 16. Nd5+ Nxg5 17. Nb6 Ra7 18. 0-0-0 Kc7 19. Nd5+ Kb8 20. Nb6 Rd8 21. h4 Nh7 22. Bc4 Nf6 23. Bf7 d6 24. Bxg6 Kc7 25. Nxc8 Kxc8 26. g4 Ne7 27. Bf5+ Nxf5 28. exf5 b6 29. Rdg1 Re7 30. h5 Ng8 31. g5 Rf7 32. f6 gxf6 33. h6 Rh7 34. gxf6 Nxf6 35. Rg6 Rf8 36. Kd2 Kd7 37. c4 Ke6 38. Rhg1 Rfh8 39. Rg7 Rxg7 40. Rxg7 Rxh6 41. Rb7 Rh2+ 42. Ke3 Rxb2 43. a4 Rb3+ 44. Ke2 Nd7 45. a5 Rc3 46. axb6 Rxc4 47. Ra7 Nxb6 48. Rxa6 Nd5 49. Ra7 Nf4+ 50. Kd2 Rd4+ 51. Ke3 Rd3+ 52. Kf2 Ng6 53. Rg7 Nh4 54. Rg3 e4 55. Rg4 Rxf3+ 56. Ke2 Ke5 57. Rxh4 d5 58. Rh8 Ra3 59. Rb8 Ra2+ 60. Ke1 d4 61. Rd8 d3 62. Rh8 Kd4 63. Rh4 Re2+ 64. Kd1 Kc3 65. Rh8 Rf2 66. Rc8+ Kd4 67. Ke1 Ke3 68. Rc3 Rc2 0-1

[Event "Budapest-chT1 Lilienthal 1112"]
[Site "Budapest"]
[Date "2012.03.18"]
[Round "10"]
[White "Benke, Karoly"]
[Black "Toth Katona, Tibor"]
[Result "1/2-1/2"]
[WhiteElo "1851"]
[BlackElo "1810"]
[PlyCount "32"]
[EventDate "2011.10.02"]
[EventType "team-tourn"]
[EventRounds "11"]
[EventCountry "HUN"]
[SourceTitle "EXT 2020"]
[Source "ChessBase"]
[SourceDate "2019.10.17"]
[SourceVersion "1"]
[SourceVersionDate "2019.10.17"]
[SourceQuality "1"]
[WhiteTeam "Penzugyor III"]
[BlackTeam "Vizugy II"]
[WhiteTeamCountry "HUN"]
[BlackTeamCountry "HUN"]

1. d4 Nf6 2. Nc3 e6 3. a3 b6 4. e4 Bb7 5. Bd3 Be7 6. Bf4 c5 7. Nf3 c4 8. Bxc4 Nxe4 9. Nxe4 Bxe4 10. d5 0-0 11. Qe2 exd5 12. 0-0-0 Bxc2 13. Rxd5 Ba4 14. Kb1 Bc6 15. Rd2 a5 16. Rhd1 Bc5 1/2-1/2

[Event "Budapest-chT1 Lilienthal 1112"]
[Site "Budapest"]
[Date "2012.03.04"]
[Round "9"]
[White "Benke, Karoly"]
[Black "Csikvari, Peter"]
[Result "0-1"]
[WhiteElo "1851"]
[BlackElo "1755"]
[PlyCount "54"]
[EventDate "2011.10.02"]
[EventType "team-tourn"]
[EventRounds "11"]
[EventCountry "HUN"]
[SourceTitle "EXT 2020"]
[Source "ChessBase"]
[SourceDate "2019.10.17"]
[SourceVersion "1"]
[SourceVersionDate "2019.10.17"]
[SourceQuality "1"]
[WhiteTeam "Penzugyor III"]
[BlackTeam "Budapest Ujpest KSE"]
[WhiteTeamCountry "HUN"]
[BlackTeamCountry "HUN"]

1. d4 Nf6 2. Nc3 d5 3. Nf3 g6 4. Bf4 c6 5. g3 Bg7 6. Bg2 0-0 7. Qd2 Bf5 8. Nh4 Be6 9. Bh6 b5 10. Bxg7 Kxg7 11. a3 a5 12. e4 Na6 13. exd5 Nxd5 14. Ne4 h6 15. 0-0 Qb6 16. Rfe1 Rad8 17. Kh1 c5 18. dxc5 Nxc5 19. Nxc5 Qxc5 20. Qxa5 Qxf2 21. Red1 Nf6 22. Rxd8 Rxd8 23. Rf1 Qd4 24. Qxb5 Bc4 25. Qb4 Bxf1 26. Bxf1 Qf2 27. Bd3 Rxd3 0-1

[Event "Budapest-chT1 Lilienthal 1112"]
[Site "Budapest"]
[Date "2011.12.04"]
[Round "4"]
[White "Benke, Karoly"]
[Black "Molnar, Tibor1111"]
[Result "0-1"]
[WhiteElo "1851"]
[BlackElo "1953"]
[PlyCount "92"]
[EventDate "2011.10.02"]
[EventType "team-tourn"]
[EventRounds "11"]
[EventCountry "HUN"]
[SourceTitle "EXT 2020"]
[Source "ChessBase"]
[SourceDate "2019.10.17"]
[SourceVersion "1"]
[SourceVersionDate "2019.10.17"]
[SourceQuality "1"]
[WhiteTeam "Penzugyor III"]
[BlackTeam "Budapest EAC III"]
[WhiteTeamCountry "HUN"]
[BlackTeamCountry "HUN"]

1. b4 e6 2. Bb2 Nf6 3. b5 d5 4. Nf3 Nbd7 5. e3 c5 6. Be2 Bd6 7. c4 0-0 8. 0-0 Qc7 9. d4 dxc4 10. Bxc4 cxd4 11. Qxd4 e5 12. Qh4 e4 13. Rc1 exf3 14. Bxf7+ Rxf7 15. Rxc7 Bxc7 16. g4 Ne5 17. g5 Nfg4 18. h3 Ng6 19. Qh5 N4e5 20. Nd2 Be6 21. Rc1 Raf8 22. Bd4 Nd3 23. Rc3 Ndf4 24. exf4 Nxf4 25. Qxf3 Nxh3+ 26. Kf1 Rxf3 27. Nxf3 Ba5 28. Re3 Bc4+ 29. Kg2 Nf4+ 30. Kh2 Nd5 31. Ra3 Bb4 32. Rxa7 Rxf3 33. Rxb7 Ne7 34. b6 Bxa2 35. Rd7 Bd5 36. b7 Rf8 37. Be5 Bxb7 38. Rxb7 Rxf2+ 39. Kh3 Bc5 40. Rc7 Ba3 41. Rc3 Bb2 42. Bg3 Bxc3 43. Bxf2 Kf7 44. Be3 Kg6 45. Kg4 Nd5 46. Bc1 Ba5 0-1

[Event "Budapest-chT1 Lilienthal 1112"]
[Site "Budapest"]
[Date "2011.10.02"]
[Round "1"]
[White "Kapuszta, Csaba"]
[Black "Benke, Karoly"]
[Result "1/2-1/2"]
[WhiteElo "1717"]
[BlackElo "1851"]
[PlyCount "82"]
[EventDate "2011.10.02"]
[EventType "team-tourn"]
[EventRounds "11"]
[EventCountry "HUN"]
[SourceTitle "EXT 2020"]
[Source "ChessBase"]
[SourceDate "2019.10.17"]
[SourceVersion "1"]
[SourceVersionDate "2019.10.17"]
[SourceQuality "1"]
[WhiteTeam "REAC SISE"]
[BlackTeam "Penzugyor III"]
[WhiteTeamCountry "HUN"]
[BlackTeamCountry "HUN"]

1. e4 c5 2. Bc4 Nc6 3. Nf3 g6 4. c3 Bg7 5. d3 d6 6. Be3 Nf6 7. h3 Bd7 8. 0-0 0-0 9. a3 Rb8 10. Ba2 b5 11. Nbd2 a5 12. Nh2 b4 13. Qc2 Qc8 14. f4 bxa3 15. bxa3 Qc7 16. Rab1 Rxb1 17. Rxb1 Rb8 18. Nhf3 Qc8 19. Kh2 Nh5 20. Ng5 h6 21. Bxf7+ Kh8 22. Bxg6 hxg5 23. Bxh5 gxf4 24. Bxf4 Rxb1 25. Nxb1 Qa6 26. Be2 Qa7 27. Qc1 Qb6 28. Kh1 Qb3 29. Bd1 Qf7 30. Bf3 Bxh3 31. gxh3 e5 32. Kg2 Qxf4 33. Qxf4 exf4 34. Kf2 Kh7 35. c4 Kh6 36. a4 Kg5 37. Nd2 Ne5 38. Be2 Kh4 39. Bf1 Kg5 40. Nb3 Nc6 41. Be2 Bc3 1/2-1/2